000 00592nam a2200205Ia 4500
005 20250923144831.0
008 008 250917s9999 xx 000 0 eng d
037 _aTextual
040 _aDSWL
_beng
_cDSWL
041 _aeng
_2eng
084 _aX:326:Q63, J7
_qDSWL
100 _aSamuelsson, Kurt
_9828896
245 0 _aReligion and economic action
_cby Kurt Samuelsson
260 _a Srengka
_bSrengkaBokforlaget Bonniers St
_c1961
300 _axi,156p.
365 _aINR
_b21
925 _g21
942 _cTEXL
_hX:326:Q63, J7
999 _c1443937
_d1443937